The story : (Record no. 200468111)

MARC details
000 -LEADER
fixed length control field 02034cam a2200361 i 4500
001 - CONTROL NUMBER
control field 200468111
003 - CONTROL NUMBER IDENTIFIER
control field TR-AnTOB
005 - DATE AND TIME OF LATEST TRANSACTION
control field 20260414143730.0
007 - PHYSICAL DESCRIPTION FIXED FIELD--GENERAL INFORMATION
fixed length control field ta
008 - FIXED-LENGTH DATA ELEMENTS--GENERAL INFORMATION
fixed length control field 260414t19671967nju 000 j eng
010 ## - LIBRARY OF CONGRESS CONTROL NUMBER
LC control number 67010315
035 ## - SYSTEM CONTROL NUMBER
System control number 754648
System control number (TR-AnTOB)200468111
040 ## - CATALOGING SOURCE
Original cataloging agency DLC
Language of cataloging eng
Description conventions rda
Transcribing agency DLC
Modifying agency DLC
-- TR-AnTOB
041 0# - LANGUAGE CODE
Language code of text/sound track or separate title İngilizce
050 04 - LIBRARY OF CONGRESS CALL NUMBER
Classification number PN6014
Item number .S76 1967
090 ## - LOCALLY ASSIGNED LC-TYPE CALL NUMBER (OCLC); LOCAL CALL NUMBER (RLIN)
Classification number (OCLC) (R) ; Classification number, CALL (RLIN) (NR) PN6014
Local cutter number (OCLC) ; Book number/undivided call number, CALL (RLIN) .S76 1967
245 14 - TITLE STATEMENT
Title The story :
Remainder of title a critical anthology /
Statement of responsibility, etc. edited by Mark Schorer.
250 ## - EDITION STATEMENT
Edition statement Second edition.
264 #1 - PRODUCTION, PUBLICATION, DISTRIBUTION, MANUFACTURE, AND COPYRIGHT NOTICE
Place of production, publication, distribution, manufacture Englewood Cliffs, N.J.:
Name of producer, publisher, distributor, manufacturer Prentice-Hall,
Date of production, publication, distribution, manufacture, or copyright notice 1967.
Date of production, publication, distribution, manufacture, or copyright notice ©1967
300 ## - PHYSICAL DESCRIPTION
Extent xii, 459 pages ;
Dimensions 22 cm
336 ## - CONTENT TYPE
Content type term text
Content type code txt
Source rdacontent
337 ## - MEDIA TYPE
Media type term unmediated
Media type code n
Source rdamedia
338 ## - CARRIER TYPE
Carrier type term volume
Carrier type code nc
Source rdacarrier
490 0# - SERIES STATEMENT
Series statement Prentice-Hall English literature series
505 0# - FORMATTED CONTENTS NOTE
Formatted contents note Railway accident / Thomas Mann.--The bride comes to Yellow Sky / Stephen Crane.--The use of force / William Carlos Williams.--Swaddling clothes / Yukio Mishima.--Sausage and beer / Stephen Minot.--Gooseberries / Anton Chekhov.--The egg / Sherwood Anderson.--The freshest boy / F. Scott Fitzgerald.--The catbird seat / James Thurber.--Sentimental education / Harold Brodkey.--THe magic barrel / Bernard Malamud.--The basement room / Graham Greene.--Silent snow, secret snow / Conrad Aiken.--Amy Foster / Joseph Conrad.--The grave / Katherine Anne Porter.--The artificial nigger / Flannery O'Connor.--Hydrography / Paul Brodeur.--A little cloud / James Joyce.--THe horse dealer's daughter / D.H. Lawrence.--Death of a travelling salesman / Eudora Welty.--A vision of the world / John Cheever.--A shower of gold / Donald Barthelme.--The old people / William Faulkner.--A clean, well-lighted place / Ernest Hemingway.--The turn of the screw / Henry James.--The metamorphosis / Franz Kafka.
650 #0 - SUBJECT ADDED ENTRY--TOPICAL TERM
Topical term or geographic name entry element Short stories
9 (RLIN) 45955
655 #7 - INDEX TERM--GENRE/FORM
Genre/form data or focus term Short stories
Source of term lcgft
9 (RLIN) 153047
700 1# - ADDED ENTRY--PERSONAL NAME
Personal name Schorer, Mark,
Dates associated with a name 1908-1977
Relator term editor
Relator code edt
9 (RLIN) 153149
942 ## - ADDED ENTRY ELEMENTS (KOHA)
Source of classification or shelving scheme Library of Congress Classification
Koha item type Book
Holdings
Withdrawn status Lost status Source of classification or shelving scheme Damaged status Not for loan Collection code Home library Current library Shelving location Date acquired Source of acquisition Total Checkouts Full call number Barcode Date last seen Copy number Date shelved Koha item type Public note
    Library of Congress Classification Kullanılmış / Used Ödünç Verilemez-Kurumiçi kullanım / Not for loan-For inhouse use Genel Koleksiyon Tıp Fakültesi Medikal Kütüphane Tıp Fakültesi Medikal Kütüphane Genel Koleksiyon / Main Collection 18/03/2026 Bağış / Donation   PN6014 .S76 1967 TıpFaK TF03098 14/04/2026 1 14/04/2026 Book Donated by Prof. Dr. Şükrü Cin
Devinim Yazılım Eğitim Danışmanlık tarafından Koha'nın orjinal sürümü uyarlanarak geliştirilip kurulmuştur.